[Event "20th HZ Open 2016"]
[Site "Vlissingen NED"]
[Date "2016.08.13"]
[Round "9.22"]
[White "Luft, Dennis"]
[Black "Beerdsen, Thomas"]
[Result "1-0"]
[BlackTitle "FM"]
[WhiteElo "2190"]
[BlackElo "2424"]
[WhiteFideId "24623717"]
[BlackFideId "1030108"]
[EventDate "2016.08.06"]

1. e4 c5 2. Nc3 g6 3. g3 Bg7 4. Bg2 Nc6 5. d3 d6 6. Be3 Nf6 7. h3 Rb8 8. Qd2 Nd4
9. Nd1 b5 10. c3 Nc6 11. Bh6 Bxh6 12. Qxh6 Ne5 13. Bf1 c4 14. d4 Nd3+ 15. Bxd3
cxd3 16. Qe3 b4 17. Qxd3 bxc3 18. bxc3 Qa5 19. f3 Ba6 20. Qd2 Nh5 21. Kf2 Qb5
22. Kg2 f5 23. g4 fxg4 24. hxg4 Qf1+ 25. Kh2 Nf6 26. Qf2 h5 27. Qxf1 Bxf1 28.
Kg3 O-O 29. g5 Nh7 30. Nf2 Bc4 31. Ngh3 Rb7 32. Rhb1 Rfb8 33. Rxb7 Rxb7 34. a3
Rb3 35. Nd1 Be2 36. Ne3 Rxc3 37. Kf2 Bb5 38. Rb1 a6 39. a4 Bxa4 40. Rb7 e6 41.
Rb8+ Nf8 42. Nf4 Kf7 43. d5 e5 44. Ne6 Nxe6 45. dxe6+ Kxe6 46. Nd5 Rc2+ 47. Kg3
Rc5 48. Rf8 Bc6 49. Rf6+ Kd7 50. Nb4 Bb7 51. Rxg6 a5 52. Rg7+ Kc8 53. Nd5 Bxd5
54. exd5 Rxd5 55. g6 Rd1 56. Kf2 Rd2+ 57. Kf1 Rd1+ 58. Kf2 Rd2+ 59. Kg3 Rd1 60.
Kh4 Rg1 61. Kxh5 Kd8 62. Ra7 Ke8 63. Kh6 a4 64. g7 a3 65. Kh7 Rh1+ 66. Kg6 Rg1+
67. Kf6 d5 68. Ra8+ Kd7 69. g8=Q 1-0

[Event "20th HZ Open 2016"]
[Site "Vlissingen NED"]
[Date "2016.08.13"]
[Round "9.23"]
[White "Franssen, Jeroen"]
[Black "Van Delft, Merijn"]
[Result "0-1"]
[BlackTitle "IM"]
[WhiteElo "2156"]
[BlackElo "2391"]
[WhiteFideId "1032410"]
[BlackFideId "1004670"]
[EventDate "2016.08.06"]

1. d4 d5 2. c4 c6 3. Nf3 Nf6 4. Nc3 e6 5. Bg5 dxc4 6. e4 b5 7. e5 h6 8. Bh4 g5
9. Nxg5 hxg5 10. Bxg5 Be7 11. exf6 Bxf6 12. Bxf6 Qxf6 13. g3 Na6 14. Bg2 Bb7 15.
Nxb5 O-O-O 16. Na3 Rxd4 17. Qe2 Nb4 18. O-O Ba6 19. Qe3 Nd5 20. Qf3 Qxf3 21.
Bxf3 c3 22. Rfb1 Ra4 23. Nc2 Bd3 24. Bd1 Rd8 25. bxc3 Nxc3 26. Rb2 Nxd1 27. Rxd1
c5 28. Ne3 Kc7 29. h4 f5 30. Rc1 Kc6 31. Nd1 f4 32. Kg2 e5 33. Nc3 Rc4 34. Rd2
Rxc3 0-1

[Event "20th HZ Open 2016"]
[Site "Vlissingen NED"]
[Date "2016.08.13"]
[Round "9.24"]
[White "Sekandar, Kambiz"]
[Black "Rosen, Eric S"]
[Result "1/2-1/2"]
[BlackTitle "IM"]
[WhiteElo "2129"]
[BlackElo "2385"]
[WhiteFideId "11700939"]
[BlackFideId "2032562"]
[EventDate "2016.08.06"]

1. e4 c5 2. c3 d5 3. exd5 Qxd5 4. d4 Nf6 5. Nf3 e6 6. Bd3 Be7 7. O-O O-O 8. Qe2
Nc6 9. Rd1 cxd4 10. Nxd4 Nxd4 11. cxd4 b6 12. Nc3 Qd7 13. Bb5 Qd6 14. Qf3 Bd7
15. Bf4 Qb4 16. a3 Qb3 17. Bd3 Rac8 18. Rd2 Bc6 19. Qh3 Bb7 20. d5 exd5 21. Bg5
h6 22. Nb5 Qa4 23. Bxf6 Bxf6 24. Qf5 Rfd8 25. Qh7+ Kf8 26. Qh8+ Ke7 27. Re2+ Kd7
28. Qh7 Re8 29. Bf5+ Re6 30. Bxe6+ fxe6 31. Nc3 Qg4 32. h3 Qf5 33. Qxf5 exf5 34.
Na2 a5 35. Rd1 d4 36. Nc1 Ba6 37. Red2 Ke6 38. Ne2 Bxe2 39. Rxe2+ Kd5 40. Red2
b5 41. Kf1 Re8 42. Rc2 a4 43. Rd3 Rb8 44. b4 axb3 45. Rxb3 Be7 46. Ke2 Bc5 47.
Kd3 Kc6 48. Rcb2 g5 49. g4 fxg4 50. hxg4 Rf8 51. Rxb5 Bxa3 52. Rb6+ Kd5 53. Ra2
Bc5 54. Rxh6 Rf3+ 55. Ke2 Rf4 56. Ra5 d3+ 57. Kxd3 Rf3+ 58. Ke2 Rxf2+ 59. Ke1
Rf4 60. Rh8 Rxg4 61. Rd8+ Kc4 62. Rc8 Re4+ 63. Kf1 Re5 1/2-1/2

[Event "20th HZ Open 2016"]
[Site "Vlissingen NED"]
[Date "2016.08.13"]
[Round "9.25"]
[White "Vereggen, Lars"]
[Black "In t Veld, Daan"]
[Result "1-0"]
[WhiteTitle "FM"]
[WhiteElo "2359"]
[BlackElo "2212"]
[WhiteFideId "1029258"]
[BlackFideId "1016270"]
[EventDate "2016.08.06"]

1. e4 c5 2. Nf3 e6 3. d4 cxd4 4. Nxd4 Nf6 5. Nc3 d6 6. g4 d5 7. exd5 Nxd5 8.
Bb5+ Bd7 9. Nxd5 exd5 10. Qe2+ Qe7 11. Be3 a6 12. Bxd7+ Nxd7 13. O-O-O O-O-O 14.
Nf5 Qe6 15. Nd4 Qe5 16. Qf3 Nf6 17. g5 Ne4 18. Qg4+ Rd7 19. f3 Nf6 20. gxf6
Qxe3+ 21. Kb1 gxf6 22. Rhe1 Qg5 23. Re8+ Kc7 24. Qh3 h5 25. a3 Rg8 26. f4 Qg4
27. Qc3+ Kb6 28. Rd3 Bc5 29. Rxg8 Qxg8 30. Nb3 Qg1+ 31. Ka2 Bf2 32. Qc8 Rd6 33.
Rc3 d4 34. Qc5# 1-0

[Event "20th HZ Open 2016"]
[Site "Vlissingen NED"]
[Date "2016.08.13"]
[Round "9.26"]
[White "Liu, Manli"]
[Black "Freeke, Matthieu"]
[Result "1/2-1/2"]
[BlackTitle "FM"]
[WhiteElo "2062"]
[BlackElo "2354"]
[WhiteFideId "8608121"]
[BlackFideId "1013459"]
[EventDate "2016.08.06"]

1. e4 c5 2. Nf3 e6 3. d4 cxd4 4. Nxd4 a6 5. Bd3 Bc5 6. Nb3 Be7 7. O-O d6 8. c4
Nf6 9. Nc3 b6 10. f4 Nbd7 11. Qe2 Bb7 12. Bd2 Qc7 13. Rae1 Rd8 14. Bb1 g6 15. e5
Nh5 16. exd6 Bxd6 17. Ne4 Bxf4 18. Bxf4 Nxf4 19. Qe3 Nxg2 20. Kxg2 f5 21. Kg1
fxe4 22. Bxe4 Bxe4 23. Qxe4 Nf8 24. Rf6 Rd6 25. Qe5 Rg8 26. Nd4 Qc5 27. Qxc5
bxc5 28. Nxe6 Ke7 29. Rxf8 Rxf8 30. Nxf8+ Kxf8 31. b3 Rd2 32. Re5 Rxa2 33. Rxc5
Rb2 34. Ra5 Rxb3 35. Rxa6 Rc3 36. Ra7 1/2-1/2

[Event "20th HZ Open 2016"]
[Site "Vlissingen NED"]
[Date "2016.08.13"]
[Round "9.27"]
[White "De Jong, Migchiel"]
[Black "Van den Berg, Bram"]
[Result "1/2-1/2"]
[WhiteTitle "IM"]
[WhiteElo "2342"]
[BlackElo "2205"]
[WhiteFideId "1002848"]
[BlackFideId "1008684"]
[EventDate "2016.08.06"]

1. d4 Nf6 2. Nf3 b5 3. Bg5 e6 4. e4 a6 5. Bd3 Bb7 6. O-O h6 7. Bxf6 gxf6 8. a4
c5 9. axb5 axb5 10. Rxa8 Bxa8 11. dxc5 Bxc5 12. Nbd2 b4 13. Nb3 Be7 14. Qe2 Nc6
15. Ra1 Qb8 16. Bb5 O-O 17. Rd1 Rd8 18. g3 Ne5 19. Nfd4 Qb7 20. f4 Ng6 21. Bd3
f5 22. Re1 fxe4 23. Bxe4 Qxe4 24. Qxe4 Bxe4 25. Rxe4 Bf6 26. Kg2 Rc8 27. Re2 Ne7
28. Rd2 Nd5 29. Kf3 Nb6 30. Na5 Nc4 31. Nxc4 Rxc4 32. Ke3 Bxd4+ 33. Rxd4 Rxc2
34. Rd2 Rc7 1/2-1/2

[Event "20th HZ Open 2016"]
[Site "Vlissingen NED"]
[Date "2016.08.13"]
[Round "9.28"]
[White "Ducarmon, Renzo"]
[Black "Amdouni, Zoubaier"]
[Result "0-1"]
[BlackTitle "FM"]
[WhiteElo "2091"]
[BlackElo "2306"]
[WhiteFideId "1002279"]
[BlackFideId "5500419"]
[EventDate "2016.08.06"]

1. e4 c5 2. Nf3 Nc6 3. Bb5 e6 4. Nc3 Nd4 5. Nxd4 cxd4 6. Ne2 Qg5 7. Bd3 Qxg2 8.
Ng3 Qh3 9. c3 Bc5 10. b4 Bb6 11. Bb2 dxc3 12. dxc3 Nf6 13. c4 a5 14. c5 Bc7 15.
Qf3 axb4 16. Bxf6 gxf6 17. Qxf6 Rg8 18. O-O-O Qg4 19. Qd4 Qf4+ 20. Kb1 b3 21. a4
Be5 22. Qb4 Qxf2 23. Rd2 Rxa4 24. Qxa4 Qxd2 25. Qxb3 h5 26. Nxh5 Rg2 27. Ng3 Qa5
28. Be2 Rxe2 29. Nxe2 Qa1+ 0-1

[Event "20th HZ Open 2016"]
[Site "Vlissingen NED"]
[Date "2016.08.13"]
[Round "9.29"]
[White "Vedder, Richard"]
[Black "Grochal, Joey"]
[Result "1-0"]
[WhiteTitle "FM"]
[WhiteElo "2268"]
[BlackElo "2196"]
[WhiteFideId "1004166"]
[BlackFideId "1019945"]
[EventDate "2016.08.06"]

1. e4 c5 2. Nf3 e6 3. d4 cxd4 4. Nxd4 Nc6 5. Nc3 Qc7 6. Be2 a6 7. O-O Nf6 8. Be3
Bb4 9. Na4 O-O 10. Nxc6 bxc6 11. Bd3 Bd6 12. h3 c5 13. c4 Bb7 14. Qc2 Qc6 15. f4
Nxe4 16. Bxe4 Qxe4 17. Qxe4 Bxe4 18. Bxc5 Bxc5+ 19. Nxc5 Bc6 20. Rfd1 d5 21.
cxd5 Bxd5 22. Nd7 Rfd8 23. Nb6 Rab8 24. Nxd5 exd5 25. Rd2 h5 26. Rad1 Rb5 27. b3
Kf8 28. Rd4 Ke7 29. R1d3 a5 30. Kf2 Kd6 31. Ke3 Re8+ 32. Kd2 h4 33. a3 f5 34. b4
axb4 35. axb4 Ra8 36. g3 Ra2+ 37. Ke1 Rb2 38. gxh4 R2xb4 39. Kf2 Rxd4 40. Rxd4
Rb3 41. Kg2 Re3 42. Ra4 Re4 43. Ra7 Rxf4 44. Kg3 Re4 45. Rxg7 Re3+ 46. Kg2 Ke5
47. Re7+ Kf4 48. Rxe3 Kxe3 49. h5 d4 50. h6 d3 51. h7 d2 52. h8=Q d1=Q 53. Qe5+
Kd2 54. Qd4+ 1-0

[Event "20th HZ Open 2016"]
[Site "Vlissingen NED"]
[Date "2016.08.13"]
[Round "9.30"]
[White "Muehlenhaus, Sven"]
[Black "Krause, Thomas"]
[Result "1/2-1/2"]
[WhiteTitle "FM"]
[WhiteElo "2262"]
[BlackElo "2157"]
[WhiteFideId "4671546"]
[BlackFideId "4696670"]
[EventDate "2016.08.06"]

1. d4 Nf6 2. c4 g6 3. Nc3 Bg7 4. e4 d6 5. Be2 O-O 6. Nf3 e5 7. O-O exd4 8. Nxd4
Re8 9. f3 c6 10. Re1 Qa5 11. Be3 Nbd7 12. Nb3 Qc7 13. Rc1 Ne5 14. Qd2 Be6 15.
Nd5 Nxd5 16. cxd5 Bc8 17. dxc6 bxc6 18. Nd4 Qb7 19. b3 a6 20. Bf1 Kh8 21. b4 Be6
22. Nxe6 Rxe6 23. Bd4 a5 24. bxa5 c5 25. Bc3 g5 26. Bc4 Nxc4 27. Bxg7+ Kxg7 28.
Rxc4 Qb5 29. Qc3+ Kg8 30. a4 Qxa5 31. Qxa5 Rxa5 32. Rd1 Kf8 33. Rd5 f6 34. Kf2
Ke7 35. Kg3 h5 36. h4 Re5 37. hxg5 fxg5 38. Rd2 Re6 39. Rb2 Kf6 40. Rb8 Re7 41.
Rh8 Kg6 42. Rd8 Re6 43. e5 1/2-1/2

[Event "20th HZ Open 2016"]
[Site "Vlissingen NED"]
[Date "2016.08.13"]
[Round "9.33"]
[White "Schouten, Jordy"]
[Black "Kartsev, Soel"]
[Result "1-0"]
[WhiteElo "2037"]
[BlackElo "2221"]
[WhiteFideId "1040090"]
[BlackFideId "4130561"]
[EventDate "2016.08.06"]

1. d4 Nf6 2. Bg5 Ne4 3. Bf4 d5 4. e3 Bf5 5. f3 Nf6 6. c4 c6 7. Nc3 e6 8. Bd3 Bb4
9. Bxf5 exf5 10. Qb3 Qe7 11. c5 Na6 12. Kf2 O-O-O 13. a3 Ba5 14. Nge2 Bc7 15.
Rhe1 g5 16. Bxc7 Nxc7 17. Qc2 Qd7 18. Ng3 f4 19. exf4 gxf4 20. Nf5 Ne6 21. b4
Kb8 22. b5 Rhe8 23. a4 Nxc5 24. dxc5 d4 25. Nd6 Rxe1 26. Rxe1 dxc3 27. Qxc3 Nd5
28. Qg7 b6 29. Nxf7 Ka8 30. bxc6 Qc7 31. Qg5 Rc8 32. Qxd5 Qxc6 33. Qxc6+ Rxc6
34. Re8+ 1-0

[Event "20th HZ Open 2016"]
[Site "Vlissingen NED"]
[Date "2016.08.13"]
[Round "9.34"]
[White "Balje, Jan"]
[Black "Schilstra, Laurens"]
[Result "1-0"]
[WhiteElo "2219"]
[BlackElo "1927"]
[WhiteFideId "1004085"]
[BlackFideId "1043218"]
[EventDate "2016.08.06"]

1. d4 Nf6 2. c4 g6 3. Nf3 Bg7 4. g3 b6 5. Bg2 Bb7 6. O-O O-O 7. Nc3 Ne4 8. Nxe4
Bxe4 9. Re1 d6 10. Bf1 Bb7 11. e4 e5 12. Bg5 Bf6 13. Bh6 Re8 14. d5 a5 15. b3
Nd7 16. a3 Nc5 17. b4 axb4 18. axb4 Rxa1 19. Qxa1 Nb3 20. Qd1 Nd4 21. Be3 Nxf3+
22. Qxf3 Qe7 23. Ra1 Ra8 24. Qd1 Qd8 25. c5 bxc5 26. bxc5 dxc5 27. Bxc5 Qb8 28.
Qb1 Rxa1 29. Qxa1 Bc8 30. Qa4 Bg4 31. h3 Bf3 32. Bg2 Be2 33. Kh2 h5 34. h4 Kg7
35. Qb4 Qd8 36. Qb2 Bg4 37. Qb7 Be2 38. Bb4 Be7 39. Bc3 f6 40. Ba5 Bd6 41. f3 f5
42. Qb2 Ba6 43. Bc3 Qe8 44. exf5 gxf5 45. f4 Kf6 46. Bf3 Bc4 47. Qa1 Bb3 48. Qe1
Bc4 49. Qe3 Qe7 50. Qe1 Bb3 51. Qe2 Ba4 52. fxe5+ Bxe5 53. Bxe5+ Qxe5 54. Qa6+
c6 55. Qxa4 cxd5 56. Qc6+ Qe6 57. Qxe6+ Kxe6 58. Bxh5 1-0

[Event "20th HZ Open 2016"]
[Site "Vlissingen NED"]
[Date "2016.08.13"]
[Round "9.35"]
[White "Pijpers, Peter"]
[Black "Maris, Ivo"]
[Result "0-1"]
[BlackTitle "FM"]
[WhiteElo "2028"]
[BlackElo "2370"]
[WhiteFideId "1025953"]
[BlackFideId "1028146"]
[EventDate "2016.08.06"]

1. e4 c6 2. d4 Na6 3. Nc3 Nc7 4. Bd3 g6 5. Nf3 Bg7 6. O-O d5 7. h3 Nf6 8. Qe2
O-O 9. Bf4 Nh5 10. Bxc7 Qxc7 11. exd5 Nf4 12. Qe3 Nxd5 13. Nxd5 cxd5 14. Rfe1
Bf6 15. Qh6 Bg7 16. Qe3 e6 17. Ne5 a6 18. a4 Re8 19. h4 Qe7 20. h5 Bd7 21. hxg6
hxg6 22. Qf4 Bxe5 23. dxe5 Kg7 24. g4 g5 25. Qd4 Rac8 26. Kg2 Qc5 27. Qxc5 Rxc5
28. Rh1 Rh8 29. Rxh8 Kxh8 30. Rh1+ Kg8 31. b4 Rc3 32. b5 axb5 33. axb5 Rc5 34.
Rh5 Bxb5 35. Rxg5+ Kf8 36. Bh7 Ba4 37. Rg8+ Ke7 38. Rb8 Bc6 39. Kg3 d4 40. Kf4
f6 41. exf6+ Kxf6 42. g5+ Kg7 43. Bd3 e5+ 44. Kg4 e4 45. Rd8 exd3 46. cxd3 Rd5
47. Rb8 Rd7 48. f4 Bb5 49. f5 Bxd3 50. f6+ Kh7 51. Re8 Bg6 52. Re2 d3 53. Rd2
Kg8 54. Kf4 Kf7 55. Ke3 Rd5 56. Rf2 b5 57. Ra2 Rxg5 0-1

[Event "20th HZ Open 2016"]
[Site "Vlissingen NED"]
[Date "2016.08.13"]
[Round "9.36"]
[White "Lin, Chen"]
[Black "Watzlawek, Markus"]
[Result "1-0"]
[WhiteTitle "GM"]
[WhiteElo "2516"]
[BlackElo "2109"]
[WhiteFideId "8602298"]
[BlackFideId "4637062"]
[EventDate "2016.08.06"]

1. e4 c5 2. Nf3 d6 3. d4 cxd4 4. Qxd4 a6 5. Be3 Nc6 6. Qd2 Nf6 7. Nc3 e6 8.
O-O-O Be7 9. Bf4 Ng4 10. h3 Nge5 11. Nxe5 Nxe5 12. Be3 b5 13. f4 Nd7 14. a3 Bb7
15. Kb1 Rc8 16. g4 O-O 17. g5 Nc5 18. Bd3 a5 19. Bxc5 Rxc5 20. Nxb5 Bxe4 21.
Rhe1 Bxd3 22. Qxd3 Qb6 23. a4 Rfc8 24. c3 g6 25. Qe3 Qa6 26. h4 d5 27. f5 gxf5
28. h5 Rc4 29. Nd4 Bc5 30. g6 Bxd4 31. cxd4 Qb6 32. Qh6 hxg6 33. hxg6 fxg6 34.
Qxg6+ Kf8 35. Qf6+ 1-0

[Event "20th HZ Open 2016"]
[Site "Vlissingen NED"]
[Date "2016.08.13"]
[Round "9.37"]
[White "Eisenbeiser, Amadeus"]
[Black "Riksen, John"]
[Result "1-0"]
[WhiteTitle "IM"]
[WhiteElo "2416"]
[BlackElo "2082"]
[WhiteFideId "4678338"]
[BlackFideId "1052438"]
[EventDate "2016.08.06"]

1. e4 c5 2. Nf3 Nc6 3. c4 e5 4. Nc3 d6 5. a3 Nf6 6. d3 h6 7. Rb1 Be7 8. b4 b6 9.
Be2 O-O 10. O-O Re8 11. Bd2 Bf8 12. h3 Bd7 13. Rb2 Kh7 14. Qb1 g6 15. Bd1 Bg7
16. Ba4 Nd4 17. Qd1 Kg8 18. Bxd7 Nxf3+ 19. Qxf3 Qxd7 20. Bxh6 Bxh6 21. Qxf6 Bg7
22. Qg5 Re6 23. Nd5 Rf8 24. b5 Kh7 25. Qh4+ Kg8 26. a4 f6 27. a5 bxa5 28. Ra1
Kf7 29. Rxa5 Qb7 30. Rba2 Ra8 31. Ra6 1-0

[Event "20th HZ Open 2016"]
[Site "Vlissingen NED"]
[Date "2016.08.13"]
[Round "9.38"]
[White "Liang, Awonder"]
[Black "Kevlishvili, Robby"]
[Result "1/2-1/2"]
[WhiteTitle "IM"]
[BlackTitle "FM"]
[WhiteElo "2465"]
[BlackElo "2409"]
[WhiteFideId "2056437"]
[BlackFideId "1040634"]
[EventDate "2016.08.06"]

1. e4 c5 2. c3 d5 3. exd5 Qxd5 4. Nf3 g6 5. Na3 Bg7 6. d4 cxd4 7. Nb5 Na6 8.
Nbxd4 Nf6 9. Bb5+ Bd7 10. Qe2 O-O 11. O-O Bxb5 12. Nxb5 Qh5 13. Bf4 Nd5 14. Bg3
Nc5 15. c4 Nb6 16. Rad1 Ne6 17. b3 Qc5 18. Ne5 Rfd8 19. Rde1 Bxe5 20. Bxe5 a6
21. Nc3 Nd7 22. Nd5 Nxe5 23. Qxe5 b5 24. b4 Qd6 25. Qxd6 Rxd6 26. Nxe7+ Kf8 27.
c5 Rd2 28. Nc6 Rc8 29. Ne5 Rxa2 30. Ra1 Rxa1 31. Rxa1 Rd8 32. g3 Nc7 33. Nc6 Rd2
34. Kf1 Ke8 35. Ke1 Rd5 36. Ra5 Rf5 37. f4 Rf6 38. Nb8 Re6+ 39. Kd2 Kd8 40. c6
Rd6+ 41. Kc2 Kc8 42. Nxa6 Rxc6+ 43. Nc5 Rd6 44. Nb3 Kb7 45. Ra1 1/2-1/2

[Event "20th HZ Open 2016"]
[Site "Vlissingen NED"]
[Date "2016.08.13"]
[Round "9.39"]
[White "Goormachtigh, Johan"]
[Black "Van Foreest, Lucas"]
[Result "0-1"]
[WhiteTitle "FM"]
[WhiteElo "2171"]
[BlackElo "2393"]
[WhiteFideId "200280"]
[BlackFideId "1039792"]
[EventDate "2016.08.06"]

1. d4 Nf6 2. c4 e6 3. Nf3 d5 4. Nc3 c6 5. Bg5 h6 6. Bh4 dxc4 7. e4 g5 8. Bg3 b5
9. Be2 Bb7 10. Qc2 Nbd7 11. d5 cxd5 12. exd5 Nxd5 13. Nxb5 Qa5+ 14. Nc3 Bg7 15.
O-O Nxc3 16. bxc3 O-O 17. Nd4 Nc5 18. Bxc4 Rac8 19. Nb3 Qxc3 20. Qxc3 Bxc3 21.
Rac1 Ne4 22. Be2 Nxg3 23. hxg3 a5 24. Bf3 Bxf3 25. gxf3 a4 26. Na1 Rfd8 27. Rc2
Bxa1 28. Rxc8 Rxc8 29. Rxa1 a3 30. Kg2 Rc4 31. g4 Kg7 32. Kg3 Rc2 33. Kg2 Kf6
34. Kg3 Kg6 35. Kg2 h5 36. gxh5+ Kxh5 37. Kg3 Kg6 38. Kg2 Kf6 39. Kg3 Kf5 40.
Kg2 Kf4 41. Re1 Rxa2 42. Re4+ Kf5 43. Ra4 Ra1 44. Ra5+ Kg6 45. Ra6 Kg7 46. Ra7
e5 47. Ra6 f6 48. Ra7+ Kg6 49. Ra5 a2 50. Ra8 f5 51. Ra6+ Kh5 52. Ra4 g4 53.
fxg4+ fxg4 54. Ra8 e4 55. Ra5+ Kg6 56. Ra6+ Kf7 57. Ra3 g3 0-1

[Event "20th HZ Open 2016"]
[Site "Vlissingen NED"]
[Date "2016.08.13"]
[Round "9.40"]
[White "Verschraegen, Thomas"]
[Black "Kalle, Erwin"]
[Result "1-0"]
[WhiteElo "1795"]
[BlackElo "1938"]
[WhiteFideId "223603"]
[BlackFideId "1045504"]
[EventDate "2016.08.06"]

1. d4 Nf6 2. c4 g6 3. Nc3 d5 4. Qb3 dxc4 5. Qxc4 Bg7 6. e4 O-O 7. Be2 Nc6 8. Nf3
Nd7 9. Be3 Nb6 10. Qc5 Nd7 11. Qa3 e5 12. dxe5 Ncxe5 13. Nxe5 Bxe5 14. O-O-O Bg7
15. f4 Re8 16. Bf3 a6 17. Rd2 c6 18. e5 Qc7 19. Ne4 Rb8 20. Nd6 Rf8 21. Bg4 Nb6
22. Bxb6 Qxb6 23. Nxc8 Rbxc8 24. Bxc8 Rxc8 25. Rd7 1-0

[Event "20th HZ Open 2016"]
[Site "Vlissingen NED"]
[Date "2016.08.13"]
[Round "9.41"]
[White "Stange, Sven"]
[Black "Peek, Marcel"]
[Result "1/2-1/2"]
[BlackTitle "IM"]
[WhiteElo "2110"]
[BlackElo "2325"]
[WhiteFideId "203890"]
[BlackFideId "1000462"]
[EventDate "2016.08.06"]

1. d4 d5 2. c4 dxc4 3. Nf3 Nf6 4. e3 Bg4 5. Bxc4 e6 6. h3 Bh5 7. O-O a6 8. Be2
Nc6 9. Nc3 Bd6 10. a3 O-O 11. b4 Qe7 12. Bb2 Rfd8 13. Nd2 Bxe2 14. Qxe2 Qe8 15.
Nce4 Nxe4 16. Nxe4 Ne7 17. Qg4 Nd5 18. Qf3 a5 19. Nxd6 cxd6 20. e4 Nb6 21. d5 e5
22. bxa5 Rxa5 23. Bc3 1/2-1/2

[Event "20th HZ Open 2016"]
[Site "Vlissingen NED"]
[Date "2016.08.13"]
[Round "9.42"]
[White "Ijzermans, Cees"]
[Black "Nagtegaal, Kees"]
[Result "0-1"]
[BlackTitle "FM"]
[WhiteElo "2081"]
[BlackElo "2306"]
[WhiteFideId "1027425"]
[BlackFideId "1012886"]
[EventDate "2016.08.06"]

1. d4 f5 2. g3 Nf6 3. Bg2 e6 4. c4 Be7 5. Nf3 O-O 6. O-O d6 7. b3 Ne4 8. Bb2 Bf6
9. Qc2 Nc6 10. a3 Qe7 11. e3 a5 12. Rd1 e5 13. c5 dxc5 14. dxe5 Nxe5 15. Nfd2
Nxf2 16. Nc3 Nxd1 17. Nd5 Qf7 18. Rxd1 c6 19. Nxf6+ gxf6 20. e4 Rd8 21. exf5 Nd3
22. Ne4 Bxf5 23. Rxd3 Rxd3 24. Qxd3 Re8 25. g4 Bg6 26. Bxf6 Qe6 27. Bb2 Bxe4 28.
Qc3 Qg6 29. Qc4+ Bd5 30. Bxd5+ cxd5 31. Qxd5+ Kf8 32. Qxc5+ Re7 33. Qc8+ Qe8 34.
Qf5+ Qf7 35. Qc8+ Re8 36. Qc5+ Qe7 37. Qf5+ Qf7 38. Qc5+ Kg8 39. Qg5+ Qg6 40.
Qd5+ Kf8 41. Qc5+ Re7 42. Qc8+ Kf7 43. Qc4+ Qe6 44. Qf4+ Kg6 45. Bd4 Rf7 46. Qg3
Qa6 47. Qe1 Qc6 48. h4 Rf3 49. b4 Kf7 50. Bc5 Qe6 51. Qxe6+ Kxe6 52. bxa5 Rg3+
53. Kh2 Rxg4 54. Kh3 h5 55. Bb4 Kd5 56. Bf8 Kc4 57. Bb4 Kb3 58. Bf8 Ka4 59. Bb4
Re4 60. Kg3 Rc4 61. Be7 Rg4+ 62. Kf3 Kxa5 63. Ke3 Ka4 64. Kd3 b5 65. Kc3 Re4 0-1

[Event "20th HZ Open 2016"]
[Site "Vlissingen NED"]
[Date "2016.08.13"]
[Round "9.43"]
[White "Hummel, Erik-Jan"]
[Black "Kalisvaart, Peter"]
[Result "1-0"]
[WhiteTitle "FM"]
[WhiteElo "2294"]
[BlackElo "2059"]
[WhiteFideId "1009028"]
[BlackFideId "1008820"]
[EventDate "2016.08.06"]

1. d4 d5 2. c4 e6 3. Nf3 Nf6 4. g3 Be7 5. Bg2 O-O 6. O-O c6 7. Qc2 Nbd7 8. Bf4
Re8 9. Nc3 Nf8 10. Rfd1 Ng6 11. Bg5 Qa5 12. Bxf6 Bxf6 13. e4 Bd7 14. a3 dxc4 15.
e5 Be7 16. Nd2 Qa6 17. Nce4 c5 18. Nxc4 cxd4 19. Ned6 Bxd6 20. Nxd6 Reb8 21. Qc5
Bc6 22. Qxd4 Bxg2 23. Kxg2 Ne7 24. Rac1 Nd5 25. Rc5 Rf8 26. Rdc1 Qb6 27. b4 Rab8
28. b5 h6 29. f4 Qa5 30. a4 Qd8 31. h4 a6 32. f5 axb5 33. Rxb5 Nc7 34. Rbc5 Na6
35. Rc8 Qd7 36. Rxb8 Rxb8 37. f6 g6 38. Qf4 Kh7 39. h5 g5 40. Qc4 Kg8 41. Qb5
Qxb5 42. axb5 Nb4 43. Rc7 Nd3 44. Nxf7 Kf8 45. Nxh6 Nxe5 46. Rh7 1-0

[Event "20th HZ Open 2016"]
[Site "Vlissingen NED"]
[Date "2016.08.13"]
[Round "9.44"]
[White "Kok, Ivo"]
[Black "Lacrosse, Marc"]
[Result "0-1"]
[BlackTitle "FM"]
[WhiteElo "2029"]
[BlackElo "2225"]
[WhiteFideId "1022024"]
[BlackFideId "200921"]
[EventDate "2016.08.06"]

1. e4 e5 2. Nf3 Nc6 3. Bb5 a6 4. Ba4 Nf6 5. O-O Nxe4 6. d4 b5 7. Bb3 d5 8. dxe5
Be6 9. Nbd2 Be7 10. c3 Nc5 11. Bc2 d4 12. Nb3 dxc3 13. bxc3 Bd5 14. Nbd4 O-O 15.
Nf5 Ne6 16. Re1 Re8 17. Qe2 Bc5 18. Rd1 Bxf3 19. Qxf3 Nxe5 20. Nh6+ Kf8 21. Qf5
Qf6 22. Qxf6 gxf6 23. Bxh7 Rad8 24. Rf1 Nd3 25. Ng4 Kg7 26. Bf5 Nxc1 27. Raxc1
Nf4 28. Rc2 Re2 29. h4 Rd5 30. Ne3 Bxe3 31. fxe3 Rxf5 32. Rcc1 Rxg2+ 33. Kh1 Rg4
34. Rg1 Rxg1+ 35. Rxg1+ Ng6 0-1

[Event "20th HZ Open 2016"]
[Site "Vlissingen NED"]
[Date "2016.08.13"]
[Round "9.45"]
[White "Van de Wynkele, Eric"]
[Black "Vos, Tjark"]
[Result "0-1"]
[WhiteElo "2018"]
[BlackElo "2223"]
[WhiteFideId "205702"]
[BlackFideId "1020870"]
[EventDate "2016.08.06"]

1. e4 e5 2. Nf3 Nc6 3. Bc4 Bc5 4. c3 Nf6 5. d3 d6 6. Bb3 a6 7. h3 O-O 8. Nbd2
Ba7 9. Nf1 Ne7 10. Be3 Ng6 11. Bxa7 Rxa7 12. Ne3 h6 13. Qd2 Be6 14. Bc2 d5 15.
exd5 Nxd5 16. Nxd5 Bxd5 17. Qe3 Ra8 18. O-O Qf6 19. Nd2 Nf4 20. g3 Nxh3+ 21. Kh2
Qf5 22. Ne4 Ng5 23. Rh1 Rad8 24. f4 Qh3+ 25. Kg1 exf4 26. Qxf4 Qe6 27. g4 Bxe4
28. dxe4 Rd2 29. Rc1 0-1

[Event "20th HZ Open 2016"]
[Site "Vlissingen NED"]
[Date "2016.08.13"]
[Round "9.46"]
[White "Brouwer, Dennis"]
[Black "Van der Zalm, Marnix"]
[Result "1-0"]
[WhiteElo "2217"]
[BlackElo "2075"]
[WhiteFideId "1018060"]
[BlackFideId "1004611"]
[EventDate "2016.08.06"]

1. e4 d6 2. Nc3 Nf6 3. d4 g6 4. Be3 a6 5. a4 b6 6. f4 Bg7 7. Bd3 Ng4 8. Qf3 Nxe3
9. Qxe3 Nc6 10. Nf3 Nb4 11. O-O Nxd3 12. cxd3 c5 13. d5 O-O 14. h3 e6 15. dxe6
Bxe6 16. d4 Bc4 17. Rfd1 Qc7 18. d5 b5 19. e5 Rae8 20. axb5 Bxb5 21. Rac1 Qb8
22. Re1 Re7 23. Ne4 dxe5 24. fxe5 Bxe5 25. d6 Re6 26. Nxe5 f6 27. Qb3 1-0